000 00645nam a2200205 a 4500
001 BRCA_2920
005 20190320204029.0
008 121208s1950----mx-a---###---#000-0#spa-#
050 4 _aJL1298
_b.G66 1950
100 1 _aGómez Morín, Manuel
_98127
245 1 0 _aDiez años de México
_binformes del jefe de Acción Nacional
_cManuel Goméz Morín ; introd. de Efraín González Luna.
260 _aMéxico
_bJus
_c1950
300 _axviii, 301 p.
_c23 cm.
500 _aB44
650 1 4 _aPartidos Politicos
_98128
650 1 4 _aPolitica y gobierno
_zMéxico
_97626
700 1 _aGonzález Luna, Efraín
_98129
902 _aGFM
942 _2lcc
_cB
999 _c2659
_d2659